Normal view
MARC view
Entry Corporate Name
001 - CONTROL NUMBER
- control field: 25473
003 - CONTROL NUMBER IDENTIFIER
- control field: BD-DhEWU
005 - DATE AND TIME OF LATEST TRANSACTION
- control field: 20220217004018.0
008 - FIXED-LENGTH DATA ELEMENTS
- fixed length control field: 220217|| aca||aabn | a|a d
040 ## - CATALOGING SOURCE
- Original cataloging agency: BD-DhEWU
- Transcribing agency: BD-DhEWU
110 ## - HEADING--CORPORATE NAME
- Corporate name or jurisdiction name as entry element: কৃষি মন্ত্রণালয়.
- Subordinate unit: মৃত্তিকা সম্পদ উন্নয়ন ইনস্টিটিউট
670 ## - SOURCE DATA FOUND
- Source citation: Work cat.: (BD-DhEWU)5698: কৃষি মন্ত্রণালয়. মৃত্তিকা সম্পদ উন্নয়ন ইনস্টিটিউট., ভূমি ও মৃত্তিকা সম্পদ ব্যবহার নির্দেশিকা (নবায়নকৃত) /